000 00953cam a2200313 i 4500
001 30225
003 Mx-PuUPA
005 20231011095713.0
008 140415s2018 mx gr 000 0 spa d
020 _a9786078469611
040 _cMx-PuUPA
_aMx-PuUPA
_bspa
_dMx-PuUPA
_erda
041 0 _aspa
100 1 _aLepe Pineda, Carlos,
_914958
_eautor
245 1 0 _aLa ética /
_cCarlos Lepe Pineda
246 3 1 _aPara entender la ética.
250 _aPrimera edición
264 1 _aCiudad de México :
_bProducciones Sin Sentido Común,
_c©2018
300 _a127 páginas ;
_c23 cm
336 _2rdacontent
_atexto
_btxt
337 _2rdamedia
_asin medio
_bn
338 _2rdacarrier
_avolumen
_bnc
490 0 _aColección Para entender
490 0 _aDebates de actualidad
650 7 _2armarc
_aÉtica
650 7 _2armarc
_aÉtica existencial
942 _2ddc
_cLI
_h170
_iL595
999 _c30225
_d30225